000 00864nab a2200265 u 4500
001 20649
003 HDC
007 cr bn ---aaaaa
008 210306c mydr|nes 0 a eng d
040 _aHDC
100 _aYulpisam Asli
_eauthor
_914390
245 0 _aMatrade terus bantu syarikat Malaysia/
_cby Yulpisam Asli
260 _aMalaysia :
_bUTUSAN MALAYSIA,
_c2014
300 _a2 pages
336 _atext
_2rdacontent
337 _acomputer
_2rdamedia
338 _aonline resource
_2rdacarrier
650 _asmall and medium enterprise
_98448
650 _atrade sectors
_918575
710 _aUTUSAN MALAYSIA
856 _zRequest full-text at [email protected]
942 _2lcc
942 _cNEWS
942 _kNWSC 010309
999 _c17965
_d17965